| 000 | 00492nam a2200157Ia 4500 | ||
|---|---|---|---|
| 008 | 230907s9999||||xx |||||||||||||| ||und|| | ||
| 082 |
_a621.3 _bNAS |
||
| 100 |
_aNasir Abbas (00000320499) _9116742 |
||
| 245 | 0 | _aSteady-State and Dynamic Analyses of Large-Scale PV Penetration on Transmission System / | |
| 260 |
_aUSPCAS-E, NUST, _bIslamabad : _c2022 |
||
| 300 | _aix, 68 p. | ||
| 520 | _aTH-410 | ||
| 650 | _aMS-EEP Thesis MS Thesis | ||
| 700 | _aDr Muhammad Yousif | ||
| 942 |
_cTHE _2ddc |
||
| 999 |
_c602088 _d602088 |
||